banner-ar

Tombs of the South Asasif Necropolis : (Record no. 63028)

MARC details
000 -الفاتح
حقل البيانات ثابتة الطول 01852cam a2200469Ia 4500
005 - وقت وتاريخ اخر تعامل مع التسجيلة
رقم الضبط 20240530110620.0
008 - عناصر البيانات ثابتة الطول - معلومات عامة
حقل البيانات ثابتة الطول 140524s2014 ua ab b 000 0 eng d
016 7# - رقم ضبط الوكاله الوطنية للضبط الببليوجرافي
رقم ضبط التسجيلة 016565324
020 ## - الرقم الدولى المعيارى للكتب
الرقم الدولى المعيارى للكتاب 9789774166181
020 ## - الرقم الدولى المعيارى للكتب
الرقم الدولى المعيارى للكتاب 9774166183
040 ## - مصدر الفهرسة
وكالة النسخ EG-CaGPL
082 04 - رقم تصنيف ديوى العشرى
رقم الطبعة 21
رقم التصنيف 932
رقم المادة CC/P T
245 00 - بيان العنوان
العنوان Tombs of the South Asasif Necropolis :
بقية العنوان Thebes, Karakhamun (TT 223), and Karabasken (TT 391) in the Twenty-fifth Dynasty /
بيان المسئوليه,etc edited by Elena Pischikova.
260 ## - PUBLICATION, DISTRIBUTION, ETC. (IMPRINT)
تاريخ النشر أو التوزيع 2014.
300 ## - الوصف المادى
التعداد v-xix, 290 p. :
تفاصيل ماديه اخرى للوعاء ill., maps ;
أبعاد الوعاء 25 cm.
500 ## - تبصرة عامة
تبصرة عامة A joint publication of the members of the American-Egyptian South Asasif Conservation Project (SACP), working under the auspices of the Ministry of State for Antiquities and the Supreme Council of Antiquities.
504 ## - تبصرة ببليوجرافية
تبصرة ببليوجرافية,الخ Includes bibliographical references (p. 271-290).
650 #0 - المدخل الاضافى بالموضوع-مصطلح موضوعى
مصطلح موضوعي Tombs
التقسيم الفرعي الجغرافي Egypt
-- Thebes (Extinct city)
650 #7 - المدخل الاضافى بالموضوع-مصطلح موضوعى
مصطلح موضوعي Antiquities.
مصدر الرأس أو المصطلح fast
650 #7 - المدخل الاضافى بالموضوع-مصطلح موضوعى
مصطلح موضوعي Tombs.
مصدر الرأس أو المصطلح fast
651 #0 - المدخل الاضافى بالموضوع - اسم جغرافى
الاسم الجغرافي Thebes (Egypt : Extinct city)
التقسيم الفرعي العام Antiquities.
651 #0 - المدخل الاضافى بالموضوع - اسم جغرافى
الاسم الجغرافي Al ʻAsāsīf (Egypt)
التقسيم الفرعي العام Antiquities.
651 #7 - المدخل الاضافى بالموضوع - اسم جغرافى
الاسم الجغرافي Egypt
التقسيم الفرعي الجغرافي Al ʻAsāsīf.
مصدر الرأس أو المصطلح fast
651 #7 - المدخل الاضافى بالموضوع - اسم جغرافى
الاسم الجغرافي Egypt
التقسيم الفرعي الجغرافي Thebes (Extinct city)
مصدر الرأس أو المصطلح fast
700 1# - المدخل الاضافى - اسم شخصى
الإسم الشخصى Pischikova, Elena.
700 1# - المدخل الاضافى - اسم شخصى
الإسم الشخصى Booth, Adam.
700 1# - المدخل الاضافى - اسم شخصى
الإسم الشخصى Budka, Julia.
700 1# - المدخل الاضافى - اسم شخصى
الإسم الشخصى Eigner, Dieter.
700 1# - المدخل الاضافى - اسم شخصى
الإسم الشخصى Griffin, Kenneth.
700 1# - المدخل الاضافى - اسم شخصى
الإسم الشخصى Ikram, Salima.
700 1# - المدخل الاضافى - اسم شخصى
الإسم الشخصى Josephson, Jack A.
700 1# - المدخل الاضافى - اسم شخصى
الإسم الشخصى Molinero Polo, Miguel Angel.
700 1# - المدخل الاضافى - اسم شخصى
الإسم الشخصى Morkot, Robert.
700 1# - المدخل الاضافى - اسم شخصى
الإسم الشخصى Naunton, Chris.
700 1# - المدخل الاضافى - اسم شخصى
الإسم الشخصى Szpakowska, Kasia Maria.
700 1# - المدخل الاضافى - اسم شخصى
الإسم الشخصى Taylor, John H.
710 2# - المدخل الاضافى - اسم هيئه
اسم الهيئة أو اسم السلطة كمدخل South Asasif Conservation Project (SACP)
942 ## - عناصر المدخل الإضافي( كوها)
مصدر التصنيف او مخطط الترفيف Dewey Decimal Classification
Koha [default] item type كتاب
260 ## - PUBLICATION, DISTRIBUTION, ETC. (IMPRINT)
-- Cairo :
-- The American University in Cairo Press,
520 ## - التبصرة الخاصة بالتعليق أو التلخيص
ملخص,الخ Thebes (Egypt : Extinct city); history.
650 #7 - المدخل الاضافى بالموضوع-مصطلح موضوعى
-- (OCoLC)fst00810745
650 #7 - المدخل الاضافى بالموضوع-مصطلح موضوعى
-- (OCoLC)fst01152439
651 #7 - المدخل الاضافى بالموضوع - اسم جغرافى
-- (OCoLC)fst01882639
651 #7 - المدخل الاضافى بالموضوع - اسم جغرافى
-- (OCoLC)fst01897333
Holdings
حالة التراجع حالة الفقد مصدر التصنيف او خطة الترفيف حالة تلف ليس للاعارة المكان المؤقت الموقع الحالى موقع الترفيف تاريخ الاكتساب اجمالي اﻻعارات رقم الطلب الباركود تاريخ اخر مشاهدة تاريخ تفعيل السعر نوع وعاء كوها
    ddc     مكتبة القاهرة الكبرى مكتبة القاهرة الكبرى   12/18/2016   932 CC/P T 162974 12/18/2016 12/18/2016 كتاب

Powered By

EGPV